000 00702nam a2200241 i 4500
001 C2-0316201
003 PPAK
005 20180728112141.0
008 120722s2012 enka|||| ||||| | eng d
020 _a9780415698566
040 _aPPAK
_beng
_cPPAK
_erda
082 0 4 _a952.0512
_223
090 0 0 _a952.0512
_bNAT
_dR
245 0 0 _aNatural disaster and nuclear crisis in Japan
264 1 _aLondon :
_bRoutledge ,
_c2012
300 _axxi, 302 pages :
_billustrations ;
_c23 cm
336 _2rdacontent
_atext
337 _2rdamedia
_aunmediated
338 _2rdacarrier
_avolume
650 1 0 _aTohoku Earthquake and Tsunami, Japan, 2011.
700 1 _aKingston, Jeff,
_eeditor
942 _ddc
_cB
999 _c117342
_d117342